| 000 | 01519nam a22002777a 4500 | ||
|---|---|---|---|
| 005 | 20110704124851.0 | ||
| 020 |
_a8182636000 _c90.00 |
||
| 020 |
_a9788182636002 _c90.00 |
||
| 035 | _aB-432139-143 | ||
| 037 |
_aDPL _bBlue Berry |
||
| 082 | _aS | ||
| 100 |
_aPande, Hema _929744 |
||
| 245 |
_aAsian Splendour: _cRetold by Hema Pande; illustrated by Dipto Narayan Chatterjee _bFolktales from Asia |
||
| 250 | _a2nd | ||
| 260 |
_aNew Delhi _bPratham Books _c2011 |
||
| 270 |
_a633-634, 4th "C" Main, 6th 'B' Cross, OMBR Layout, Banaswadi _bBangalore _e560043 _k011-65684113 |
||
| 300 |
_a72p. _bill. _c23 cm.(pbk) |
||
| 700 | _929160 | ||
| 942 |
_2ddc _cCH _hS _mASI |
||
| 999 |
_c53588 _d53588 |
||